مكتبة جامعة عجلون الوطنية

فهرس بحث المكتبة

حل الصراعات دون استخدام العنف (Record no. 34189)

MARC details
000 -LEADER
fixed length control field 00749nam a22001937a 4500
003 - CONTROL NUMBER IDENTIFIER
control field JO-AjAnu
005 - DATE AND TIME OF LATEST TRANSACTION
control field 20260420102925.0
008 - FIXED-LENGTH DATA ELEMENTS--GENERAL INFORMATION
fixed length control field 260420b jo ||||| |||| 00| 0 ara d
040 ## - CATALOGING SOURCE
Original cataloging agency ANU
Transcribing agency JO-AjAnu
041 ## - LANGUAGE CODE
Language code of original ARA
100 ## - MAIN ENTRY--PERSONAL NAME
Personal name السرحان، محمود قظام
Relator term مؤلف
9 (RLIN) 66965
245 ## - TITLE STATEMENT
Title حل الصراعات دون استخدام العنف
Statement of responsibility, etc. / محمود قظام السرحان وآخرون
260 ## - PUBLICATION, DISTRIBUTION, ETC.
Place of publication, distribution, etc. عمان:
Name of publisher, distributor, etc. المؤلف؛
Date of publication, distribution, etc. 2021
300 ## - PHYSICAL DESCRIPTION
Extent 188 صفحة
650 ## - SUBJECT ADDED ENTRY--TOPICAL TERM
Form subdivision العلاقات الانسانية-الصراع الاجتماعي
700 ## - ADDED ENTRY--PERSONAL NAME
Personal name السرحان، فادي محمود
Relator term مؤلف مشارك
9 (RLIN) 66966
700 ## - ADDED ENTRY--PERSONAL NAME
Personal name الزعبي، هديل محمد
Relator term مؤلف مشارك
9 (RLIN) 66967
942 ## - ADDED ENTRY ELEMENTS (KOHA)
Source of classification or shelving scheme Library of Congress Classification
Koha item type Books
Suppress in OPAC No
Holdings
Withdrawn status Lost status Source of classification or shelving scheme Damaged status Not for loan Home library Current library Date acquired Total Checkouts Full call number Barcode Date last seen Price effective from Koha item type
    Library of Congress Classification     مكتبة جامعة عجلون الوطنية مكتبة جامعة عجلون الوطنية 20/04/2026   HM1106.S274.2021 A30610 20/04/2026 20/04/2026 Books